| 000 | 00725nam a2200253Ia 4500 | ||
|---|---|---|---|
| 999 |
_c4407 _d4407 |
||
| 001 | 9750184 | ||
| 003 | OCoLC | ||
| 005 | 20181205163007.0 | ||
| 008 | 830728s1971 iluabd 000 0 eng d | ||
| 020 | _a0802410669 | ||
| 035 | _a(OCoLC)9750184 | ||
| 040 |
_aMSB _cMSB _dBSC |
||
| 082 |
_a228 _bJ54R |
||
| 092 |
_a228 _bJ54r, 1971 |
||
| 100 | 1 | _aJensen, Irving Lester. | |
| 245 | 1 | 0 |
_aRevelation : _ba self-study guide / _cIrving L. Jensen. |
| 260 |
_aChicago : _bMoody Press, _cc1971. |
||
| 300 |
_a144 p. : _bill., charts, map ; _c22 cm. |
||
| 490 | 0 | _aBible self-study guides | |
| 500 | _aCover title. | ||
| 504 | _aBibliography : p. 140. | ||
| 630 | 0 | 0 |
_aBible. _pN.T. _pRevelation _xStudy and teaching. |
| 942 |
_2ddc _cBK |
||